| 000 | 00532nam a2200193 a 4500 | ||
|---|---|---|---|
| 005 | 20140412111308.0 | ||
| 008 | 030414s19uu xx 00 eng d | ||
| 020 | _a0-307-04602-8 | ||
| 050 |
_aER _bBa11 1992 |
||
| 050 |
_aER _bBa11 |
||
| 100 | _aWilkin, Esther | ||
| 245 |
_aBaby's christmas / _cby Esther Wilkin ; illustrated by Eloise Wilkin. |
||
| 260 |
_aNew York : _bA Goldden Book. |
||
| 300 | _a1 v. (unp.) ; ill. | ||
| 650 | _aChristmas--Fiction | ||
| 650 | _aChildren stories | ||
| 999 |
_c103841 _d103841 |
||